|
|
|
|
| LEADER |
00000nam0a2200000 4500 |
| 001 |
277368 |
| 005 |
20231101235017.0 |
| 020 |
|
|
|a RU
|b 86-46632ж
|
| 035 |
|
|
|a (RuTPU)RU\TPU\book\300641
|
| 035 |
|
|
|a RU\TPU\book\199966
|
| 090 |
|
|
|a 277368
|
| 100 |
|
|
|a 20141202d1986 k y0rusy5003 ca
|
| 101 |
0 |
|
|a rus
|
| 102 |
|
|
|a RU
|
| 105 |
|
|
|a a z 001zy
|
| 200 |
1 |
|
|a Вопросы гидрофизики
|f СССР, Государственный комитет по гидрометеорологии и контролю природной среды (Госкомгидромет СССР) ; Государственный гидрологический институт (ГГИ) ; под ред. И. Л. Калюжного, К. К. Павловой
|
| 210 |
|
|
|a Ленинград
|c Гидрометеоиздат
|d 1986
|
| 215 |
|
|
|a 160 с.
|c ил.
|
| 225 |
1 |
|
|a Труды Государственного гидрологического института
|v Вып. 308
|
| 320 |
|
|
|a Библиогр. в конце ст.
|
| 606 |
1 |
|
|a Гидрофизика
|x (геология)
|2 stltpush
|3 (RuTPU)RU\TPU\subj\66127
|9 82356
|
| 610 |
1 |
|
|a талый сток
|
| 610 |
1 |
|
|a сельскохозяйственные поля
|
| 610 |
1 |
|
|a влагоперенос
|
| 610 |
1 |
|
|a мелиорация
|
| 610 |
1 |
|
|a инфильтрация
|
| 610 |
1 |
|
|a мерзлые толщи
|
| 610 |
1 |
|
|a снегозапасы
|
| 675 |
|
|
|a 556:550.3
|z rus
|v 4
|
| 702 |
|
1 |
|a Калюжный
|b И. Л.
|4 340
|
| 702 |
|
1 |
|a Павлова
|b К. К.
|4 340
|
| 712 |
0 |
1 |
|a СССР
|b Государственный комитет по гидрометеорологии и контролю природной среды (Госкомгидромет СССР)
|c (Москва)
|c (1978-1991)
|2 stltpush
|3 (RuTPU)RU\TPU\col\11538
|
| 712 |
0 |
2 |
|a Государственный гидрологический институт (ГГИ)
|c (Санкт-Петербург)
|2 stltpush
|3 (RuTPU)RU\TPU\col\7764
|
| 801 |
|
0 |
|a RU
|b RuMRKP
|c 19950704
|g psbo
|
| 801 |
|
1 |
|a RU
|b 63413507
|c 20100907
|
| 801 |
|
2 |
|a RU
|b 63413507
|c 20171220
|g RCR
|
| 942 |
|
|
|c BK
|